Neighbourhoods ans communities: drivers of social transformation
Descripción Física:
1 díptic DIN A-4 : il·lustració color ; 21 x 30 cm
Colección:
Transformative projects. The people
Materias:
Desigualtat social
; Política urbana
; Barcelona (Catalunya : Província) -- Política social
; Fulletons
Idioma:
Catalán , English
MARC
| LEADER | 00000nam a22000007a 4500 | ||
|---|---|---|---|
| 001 | 28798 | ||
| 003 | AGDB | ||
| 005 | 20260324181529.0 | ||
| 008 | 240318b spa||||| |||| 00| 0 cat d | ||
| 017 | |a B 11905-2024 | ||
| 040 | |a agdb |b cat | ||
| 041 | |a eng | ||
| 240 | |a Barris i comunitats: motors de transformació social |l [anglès] | ||
| 245 | |a Neighbourhoods ans communities: drivers of social transformation | ||
| 260 | |a Barcelona : |b Diputació de Barcelona ; |c 2024 | ||
| 300 | |a 1 díptic DIN A-4 : |b il·lustració color ; |c 21 x 30 cm | ||
| 490 | |a Transformative projects. The people | ||
| 546 | |a També en català (R. 28434) | ||
| 650 | 0 | |a Desigualtat social |9 69061 | |
| 650 | 0 | |a Política urbana |9 49061 | |
| 651 | 0 | |a Barcelona (Catalunya : Província) |x Política social |9 53862 | |
| 655 | 0 | |a Fulletons |9 55858 | |
| 710 | |a Barcelona (Catalunya : Província). |b Àrea d'Igualtat i Sostenibilitat Social |9 55833 | ||
| 942 | |c ARXIU |2 udc |n 1 | ||
| 952 | |0 0 |1 0 |4 0 |6 FU7827 |7 1 |9 97968 |a Arxiu |b Arxiu |d 2025-04-16 |l 0 |o FU-78-27 |p 28798 |r 2025-04-16 00:00:00 |w 2025-04-16 |y ARXIU | ||
| 999 | |c 129757 |d 129757 | ||